000 00537cam a2200193 4500500
005 20260405002150.0
041 _afre
042 _adc
245 0 0 _aInsectopedie
260 _c2016.
500 _a2
690 _aBiologie
690 _aHugh Raffles
690 _aInsecte
690 _aMatthieu Dumont
690 _aphilosophie
786 0 _nPhilosophie magazine | 97 | 3 | 2016-03-01 | p. 70-70 | 1951-1787
856 4 1 _uhttps://shs.cairn.info/magazine-philosophie-magazine-2016-3-page-70?lang=fr&redirect-ssocas=7080
999 _c2054951
_d2054951